Подробности
| 000 -МАРКЕР |
| контрольное поле |
03445nam0a2200457 4500 |
| 001 - ИДЕНТИФИКАТОР ЗАПИСИ |
| контрольное поле |
RU\NLR\BIBL_A\016228002 |
| 005 - ИДЕНТИФИКАТОР ВЕРСИИ |
| контрольное поле |
20230412161106.0 |
| 010 ## - МЕЖДУНАРОДНЫЙ СТАНДАРТНЫЙ НОМЕР КНИГИ (ISBN) |
| Номер (ISBN) |
978-5-6047522-7-2 |
| Тираж |
100 |
| 021 ## - НОМЕР ГОСУДАРСТВЕННОЙ РЕГИСТРАЦИИ |
| Код страны |
Российская Федерация |
| Номер |
КН-П-22-078945 |
| Номер Листа государственной регистраци |
КН-П-22-6910 |
| 035 ## - ДРУГИЕ СИСТЕМНЫЕ НОМЕРА |
| Идентификатор записи |
(NLR Aleph) 016228002 |
| 035 ## - ДРУГИЕ СИСТЕМНЫЕ НОМЕРА |
| Идентификатор записи |
(RuMoRGB)011360409 |
| 100 ## - ДАННЫЕ ОБЩЕЙ ОБРАБОТКИ |
| Данные общей обработки |
20221205d2022 k y0rusy50 ca |
| 101 0# - ЯЗЫК РЕСУРСА |
| Язык текста, звукозаписи и т.д. |
русский |
| 102 ## - СТРАНА ПУБЛИКАЦИИ ИЛИ ПРОИЗВОДСТВА |
| Страна публикации |
Российская Федерация |
| 105 ## - ПОЛЕ КОДИРОВАННЫХ ДАННЫХ: ТЕКСТОВЫЕ МАТЕРИАЛЫ, МОНОГРАФИЧЕСКИЕ |
| Кодированные данные о монографическом текстовом документе |
ah z 110zy |
| 181 #1 - ПОЛЕ КОДИРОВАННЫХ ДАННЫХ: ВИД СОДЕРЖАНИЯ |
| Код вида содержания (ISBD) |
i |
| Код характеристики содержания (ISBD) |
e |
| 182 #1 - ПОЛЕ КОДИРОВАННЫХ ДАННЫХ: ТИП СРЕДСТВА |
| Код типа средства (ISBD) |
n - непосредственное |
| 200 1# - ЗАГЛАВИЕ И СВЕДЕНИЯ ОБ ОТВЕТСТВЕННОСТИ |
| Основное заглавие |
Из прошлого Вятки: купеческие фамилии, семьи, лица |
| Сведения, относящиеся к заглавию |
материалы всероссийской научной конференции (Киров, 20 октября 2022 года) |
| Первые сведения об ответственности |
Министерство культуры Кировской области, Кировская государственная универсальная областная научная библиотека имени А. И. Герцена |
| Последующие сведения об ответственности |
составитель, научный редактор: М. С. Судовиков |
| 203 ## - ВИД СОДЕРЖАНИЯ И ТИП СРЕДСТВА |
| Вид содержания |
Текст |
| Дополнительные сведения об издании |
визуальный |
| Тип средства |
непосредственный |
| 210 ## - ПУБЛИКАЦИЯ, РАСПРОСТРАНЕНИЕ И ДР. |
| Место издания, распространения и т.д. |
Киров |
| Имя издателя, распространителя и т. д. |
КОГ БУК КОУНБ им. А.И. Герцена |
| Дата издания, распространения и т.д. |
2022 |
| 215 ## - ФИЗИЧЕСКАЯ ХАРАКТЕРИСТИКА |
| Специфическое обозначение материала и объем |
111, [1] с. |
| Другие сведения о физической характеристике |
ил., факс. |
| Размеры |
20 |
| 225 1# - СЕРИЯ |
| Основное заглавие серии |
Конференции. Симпозиумы. Чтения |
| 300 ## - ОБЩИЕ ПРИМЕЧАНИЯ |
| Текст примечания |
На тит. с.: к 650-летию города Кирова. К 185-летию Кировской областной научной библиотеки им. А. И. Герцена |
| 320 ## - ПРИМЕЧАНИЯ О НАЛИЧИИ В ДОКУМЕНТЕ БИБЛИОГРАФИИ / УКАЗАТЕЛЯ |
| Текст примечания |
Библиогр. в примеч. в конце докл. |
| 330 ## - РЕЗЮМЕ ИЛИ РЕФЕРАТ |
| Текст примечания |
В сборник вошли материалы по истории купечества Вятско-Камского региона. Представлены биографические материалы, история семей, особое внимание обращается на вопросы участия местного купечества в жизни страны и сохранения исторической памяти о выдающихся деятелях делового сообщества. Авторами сборника выступили исследователи из разных городов России |
| 606 1# - НАИМЕНОВАНИЕ ТЕМЫ КАК ПРЕДМЕТ |
| Наименование темы |
Купечество |
| Тематический подзаголовок |
История |
| Географический подзаголовок |
Вятская губерния |
| Системный номер авторитетной/нормативной записи |
2549848 |
| Идентификатор авторитетной/нормативной записи |
RU\NLR\AUTH\6601722097 |
| 606 1# - НАИМЕНОВАНИЕ ТЕМЫ КАК ПРЕДМЕТ |
| Наименование темы |
Купеческие роды |
| Географический подзаголовок |
Вятская губерния |
| Системный номер авторитетной/нормативной записи |
2549850 |
| Идентификатор авторитетной/нормативной записи |
RU\NLR\AUTH\6601722098 |
| 675 ## - УНИВЕРСАЛЬНАЯ ДЕСЯТИЧНАЯ КЛАССИФИКАЦИЯ (UDC/УДК) |
| Индекс |
94(470.42)(082) |
| Издание |
4 |
| 686 1# - ИНДЕКСЫ ДРУГИХ КЛАССИФИКАЦИЙ |
| Индекс |
Т3(2Р-8Вя)0-291 |
| 686 1# - ИНДЕКСЫ ДРУГИХ КЛАССИФИКАЦИЙ |
| Индекс |
Т214(2Р-8Вя)0-3 |
| 686 1# - ИНДЕКСЫ ДРУГИХ КЛАССИФИКАЦИЙ |
| Индекс |
У42(28)1 |
| 702 #1 - ИМЯ ЛИЦА - ВТОРИЧНАЯ ОТВЕТСТВЕННОСТЬ |
| Код отношения |
Составитель |
| Графика поля |
Кириллица |
| Материалы, к которым относится поле |
rus |
| Начальный элемент ввода |
Судовиков |
| Часть имени, кроме начального элемента ввода |
М. С. |
| Даты |
1970- |
| Расширение инициалов личного имени |
Михаил Сергеевич |
| Системный номер авторитетной/нормативной записи |
176120 |
| Идентификатор авторитетной/нормативной записи |
RU\NLR\AUTH\770176171 |
| 711 12 - НАИМЕНОВАНИЕ ОРГАНИЗАЦИИ - АЛЬТЕРНАТИВНАЯ ОТВЕТСТВЕННОСТЬ |
| Начальный элемент ввода |
"Из прошлого Вятки: купеческие фамилии, семьи, лица", всероссийская научная конференция |
| Место проведения временной организации |
Киров |
| Дата проведения временной организации |
2019 |
| Системный номер авторитетной/нормативной записи |
677940 |
| Идентификатор авторитетной/нормативной записи |
RU\NLR\AUTH\880508863 |
| 712 02 - НАИМЕНОВАНИЕ ОРГАНИЗАЦИИ - ВТОРИЧНАЯ ОТВЕТСТВЕННОСТЬ |
| Код отношения |
Издающая организация |
| Начальный элемент ввода |
Кировская государственная областная универсальная научная библиотека им. А. И. Герцена |
| Системный номер авторитетной/нормативной записи |
563455 |
| Идентификатор авторитетной/нормативной записи |
RU\NLR\AUTH\8810032453 |
| 942 ## - ДОПОЛНИТЕЛЬНЫЕ ЭЛЕМЕНТЫ ЗАПИСИ (АБИС) |
| Тип экземпляра АБИС |
Книга |
| 980 ## - КОЛЛЕКЦИЯ |
| Название коллекции |
Национальная библиография |
| 980 ## - КОЛЛЕКЦИЯ |
| Название коллекции |
Издания по генеалогии и истории семей. Часть 2 (после 1917 г.) |